Hướng dẫn sử dụng SPSS for windows V.10 (Statistical package for Social science)
Zapisane w:
| 1. autor: | |
|---|---|
| Format: | Książka |
| Język: | Undetermined |
| Wydane: |
Cần Thơ
Đại học Cần Thơ
2001
|
| Hasła przedmiotowe: | |
| Etykiety: |
Dodaj etykietę
Nie ma etykietki, Dołącz pierwszą etykiete!
|
| Thư viện lưu trữ: | Trung tâm Học liệu Trường Đại học Cần Thơ |
|---|
| LEADER | 00664nam a2200193Ia 4500 | ||
|---|---|---|---|
| 001 | CTU_175839 | ||
| 008 | 210402s9999 xx 000 0 und d | ||
| 082 | |a 005.369 | ||
| 082 | |b Ph431 | ||
| 100 | |a Lê, Thanh Phong | ||
| 245 | 0 | |a Hướng dẫn sử dụng SPSS for windows V.10 (Statistical package for Social science) | |
| 245 | 0 | |c Lê Thanh Phong | |
| 260 | |a Cần Thơ | ||
| 260 | |b Đại học Cần Thơ | ||
| 260 | |c 2001 | ||
| 526 | |a Xác suất thống kê và phép thí nghiệm - KHCT | ||
| 526 | |b NN184 | ||
| 650 | |a SPSS for Windows,Phần mềm SPSS | ||
| 980 | |a Trung tâm Học liệu Trường Đại học Cần Thơ | ||